[Event "FRA-ch Youth 2017"]
[Site "Belfort"]
[Date "2017.04.16"]
[Round "1"]
[White "Berthaut, Alexandre"]
[Black "Lamard, Guillaume"]
[Result "1/2-1/2"]
[WhiteElo "1903"]
[BlackElo "2307"]
[Annotator "TA"]
[PlyCount "59"]
[EventDate "2017.??.??"]
[EventCountry "FRA"]
[SourceTitle "playchess.com"]
[Source "ChessBase"]
[SourceQuality "1"]

{[%evp 8,59,49,38,69,81,68,80,81,68,72,62,50,54,51,45,64,64,87,90,138,127,233,230,220,229,218,241,492,473,416,214,202,219,313,306,311,297,312,292,307,281,364,359,357,347,363,359,359,329,323,241,305,235]} 1. e4 c5 2. Nf3 e6 3. g3 d5 4. exd5 {B40: Sicilian: 2...e6, Unusual lines} Qxd5 (4... exd5 5. d4 Nf6 6. Bg2 Be7 7. O-O O-O 8. dxc5 Bxc5 9. Nc3 Nc6 10. a3 h6 11. b4 Be7 12. Qd3 a6 13. Bb2 Be6 14. Ne2 Qc8 15. Nf4 Bf5 16. Qb3 Be4 17. Rad1 Qf5 {½-½ (46) Artemiev,V (2655)-Grachev,B (2650) Moscow 2017}) 5. Nc3 {LiveBook: 10 Games} Qd7 6. Bb5 {White is slightly better.} Nc6 7. Ne5 Qc7 {[#]} 8. Nxc6 $1 bxc6 9. Be2 $146 (9. Bc4 Nf6 10. O-O Be7 11. b3 h5 {½-½ (34) Tober,G (2235)-Bardossi,J (2190) Eger 1997}) 9... Nf6 10. O-O Be7 11. b3 h5 12. h4 Bd6 13. Kg2 Rh6 14. d3 Rg6 (14... Rh8 $16 {keeps fighting.} 15. Ne4 Nxe4 16. dxe4 Bb7) 15. Bg5 $18 Be5 16. Ne4 Ng4 17. Rb1 (17. Nxc5 $6 Bxa1 18. Qxa1 e5 $16) 17... f6 $2 (17... f5 18. Bxg4 (18. Nxc5 Bd4 $16) 18... hxg4) 18. Bxg4 (18. Nxc5 fxg5 19. Bxg4 hxg4 20. Qxg4 Bd6 $11) 18... hxg4 19. Be3 ({Inferior is} 19. Nxc5 fxg5 20. Qxg4 Bd6 $11) (19. Qxg4 $142 {Threatens to win with f4.} f5 20. Qh5) 19... f5 20. h5 {[%cal Bh4h5,Bh5h6][%mdl 32]} (20. Bxc5 fxe4 21. d4 Bd6 $15) 20... Rf6 (20... Rh6 $142 21. Bxh6 (21. Nxc5 Rxh5 22. Rh1 g6 $16) 21... gxh6) 21. Nxf6+ Bxf6 22. Rh1 Kf7 23. h6 {[#] Hoping for h7.} g6 24. Qd2 e5 25. Bg5 {aiming for Bxf6.} Be6 26. c4 Bh8 27. Rbe1 a5 28. Rb1 Re8 29. Rhe1 Bc8 30. Be3 1/2-1/2

[Event "FRA-ch Youth 2017"]
[Site "Belfort"]
[Date "2017.04.16"]
[Round "1"]
[White "Sarafian, Thomas"]
[Black "Micottis, Dorian"]
[Result "1-0"]
[WhiteElo "1892"]
[BlackElo "2249"]
[Annotator "TA"]
[PlyCount "87"]
[EventDate "2017.??.??"]
[EventCountry "FRA"]
[SourceTitle "playchess.com"]
[Source "ChessBase"]
[SourceQuality "1"]

{[%evp 4,87,56,51,62,24,40,18,68,64,67,64,65,60,59,65,65,63,64,62,65,65,80,65,94,90,182,183,344,329,405,392,388,400,405,402,392,391,387,375,375,332,405,406,396,396,379,379,372,302,295,298,302,295,295,283,348,359,355,257,256,231,249,199,198,202,238,234,416,395,383,369,348,325,318,252,528,510,767,758,671,724,1202,1083,1056,975]} 1. e4 g6 2. d4 Bg7 3. Be2 c6 {B06: Modern Defence} (3... d6 4. Be3 Nf6 5. Nc3 c6 6. a4 O-O 7. Nf3 a5 8. Nd2 Na6 9. O-O Nb4 10. f4 d5 11. e5 Ne8 12. Bf3 Nc7 13. Ne2 Bf5 14. Rc1 Na2 15. Ra1 Nb4 16. Rc1 Na2 17. Rb1 Nb4 {1-0 (72) Savchenko,B (2633)-Megaranto,S (2535) Almaty 2016}) 4. Be3 d5 5. e5 b6 $146 {The position is equal.} (5... Nd7 6. Qd2 f6 7. f4 Nb6 8. b3 Nh6 9. Nf3 O-O 10. a4 a5 11. Na3 Be6 {0-1 (49) Meruvia Meruvia,J (1983)-Rios Escobar,A (2280) Santiago de Chile 2008}) 6. Qd2 h5 7. Nf3 Nh6 8. O-O Nf5 9. Bf4 Ba6 10. Nc3 e6 11. Bxa6 Nxa6 12. Ne2 c5 13. c3 c4 14. Ng3 Nxg3 (14... Qd7 $16 {was worth a try.}) 15. fxg3 $18 ({Much less strong is} 15. hxg3 $6 Qd7 $14) (15. Bxg3 $6 Qc7 $14) 15... O-O $2 {[#]} (15... Qd7 16. Be3 O-O-O) 16. Bg5 Qd7 17. Qf4 Nc7 18. g4 hxg4 19. Qxg4 Ne8 20. Qh4 f6 21. exf6 Bxf6 22. Rae1 Qe7 23. Ne5 Bxg5 24. Rxf8+ Qxf8 25. Qxg5 Qf6 26. Qg3 {[#] Black must now prevent Rf1.} ({Less strong is} 26. Qxg6+ Qxg6 27. Nxg6 Nc7 $18) 26... Ng7 27. Nxg6 Kh7 28. Ne5 Nf5 29. Ng4 Qg6 30. Qc7+ Qg7 31. Qxg7+ Nxg7 {[%mdl 4096] Endgame KRN-KRN} 32. Rf1 Nf5 33. Rf3 Kg7 34. Ne5 b5 35. g4 {[%cal Bg2g4,Bg4g5,Bg5h6,Bh6h7][%mdl 32]} Nh6 $2 (35... Nd6 36. h4 a5) 36. h4 {[%cal Bh2h4,Bh4h5][%mdl 32]} a5 37. h5 b4 38. g5 Nf5 39. Rh3 Rb8 $2 (39... Kh7 {was necessary.} 40. Nd7 Rc8) 40. h6+ {White is clearly winning.} Nxh6 (40... Kg8 $142 41. g6 a4 42. cxb4 Nxd4) 41. gxh6+ Kh7 42. Nf7 Rb7 43. Ng5+ Kg6 44. h7 1-0

[Event "FRA-ch Youth 2017"]
[Site "Belfort"]
[Date "2017.04.16"]
[Round "1"]
[White "Budak, Rezan"]
[Black "Dudognon, Thibault"]
[Result "1-0"]
[WhiteElo "1835"]
[BlackElo "2218"]
[Annotator "TA"]
[PlyCount "71"]
[EventDate "2017.??.??"]
[EventCountry "FRA"]
[SourceTitle "playchess.com"]
[Source "ChessBase"]
[SourceQuality "1"]

{[%evp 17,71,-12,3,-6,9,-21,37,19,15,-3,-4,5,16,17,24,27,42,39,36,3,13,22,23,11,22,34,32,29,94,25,40,40,58,37,34,41,40,41,401,388,392,377,376,364,356,351,613,625,600,605,627,609,1081,1067,1067,1076]} 1. d4 d5 2. Nf3 Nf6 3. g3 e6 4. Bg2 c5 5. O-O Nc6 6. b3 Be7 7. Bb2 O-O 8. Nbd2 b6 9. c4 Bb7 10. dxc5 {D02: 1 d4 d5 2 Nf3 sidelines, including 2...Nf6 3 g3 and 2...Nf6 3 Bf4} (10. cxd5 Nxd5 11. dxc5 Bxc5 12. Qb1 Be7 13. e4 Ndb4 14. a3 Nd3 15. Bc3 Nc5 16. Nc4 b5 17. Rd1 Qc7 18. Ne3 Rfd8 19. Qc2 Rac8 20. Rxd8+ Nxd8 {½-½ (87) Dzagnidze,N (2566)-Kosteniuk,A (2534) Reykjavik 2015}) 10... Bxc5 11. Rc1 dxc4 $146 ({Better is} 11... Re8 $11) (11... Be7 12. Ne5 Nxe5 13. Bxe5 Rc8 14. cxd5 Bxd5 15. Rxc8 Qxc8 16. Bxd5 Nxd5 17. Qa1 Bf6 18. Bxf6 Nxf6 {0-1 (58) Jeschke,D-Klingebiel,O Langenhagen 1998}) 12. Nxc4 {White is slightly better.} Qe7 13. a3 Rfd8 14. Qc2 Nd4 15. Bxd4 Bxd4 16. e3 Bc5 17. b4 Bd6 18. Nd4 Bxg2 19. Kxg2 Rac8 20. Qe2 Qb7+ 21. Qf3 Qxf3+ 22. Kxf3 h6 (22... Bf8 $11 {remains equal.}) 23. Rfd1 (23. Nxd6 $16 Rxc1 24. Rxc1 Rxd6 25. Nb5) 23... Bb8 24. b5 $36 {[%mdl 2048] Black is under pressure.} Kf8 25. Nc6 Rxd1 26. Rxd1 Nd5 27. a4 a6 $2 {[%mdl 8192] [#]} (27... Ke8 $14) 28. Rxd5 $18 exd5 29. Nxb6 {[%mdl 4096] Endgame KRB-KNN} Rc7 30. Nxd5 ({Resist} 30. Nxb8 axb5 31. Na6 (31. Nxd5 Rb7 $14) 31... Rc6 $18) 30... Rc8 31. Nb6 ({Not} 31. Nxb8 Rxb8 32. bxa6 Rc8 $14) 31... Rc7 $2 {[#]} (31... Rxc6 32. bxc6 Ke7) 32. Nxb8 {White is clearly winning.} axb5 33. axb5 {[%cal Ba4b5,Bb5b6][%mdl 32]} Ke8 34. Nd5 Rb7 35. Na6 Kd8 36. b6 1-0

[Event "FRA-ch Youth 2017"]
[Site "Belfort"]
[Date "2017.04.16"]
[Round "1"]
[White "Saucourt, Charles"]
[Black "Travadon, Loic"]
[Result "0-1"]
[WhiteElo "1811"]
[BlackElo "2348"]
[Annotator "TA"]
[PlyCount "98"]
[EventDate "2017.??.??"]
[EventCountry "FRA"]
[SourceTitle "playchess.com"]
[Source "ChessBase"]
[SourceQuality "1"]

{[%evp 18,98,-18,-28,0,-69,-15,-118,-103,-121,-119,-139,-139,-149,-141,-167,-155,-157,-149,-181,-182,-268,-206,-210,-203,-202,-186,-211,-210,-201,-184,-195,-182,-231,-210,-222,-227,-249,-254,-259,-245,-275,-219,-233,-236,-223,-213,-206,-213,-222,-210,-327,-330,-341,-306,-314,-297,-305,-293,-276,-267,-581,-565,-635,-622,-585,-557,-531,-523,-1006,-438,-417,-421,-914,-866,-1605,-1483,-29983,-29985,-29997,-29998,-29998,-29999]} 1. d4 Nf6 2. c4 e6 3. Nc3 Bb4 4. Qc2 O-O 5. a3 Bxc3+ 6. bxc3 c5 7. Nf3 Nc6 8. e3 d6 9. Bd3 e5 10. O-O Qe7 {[#] Strongly threatening ...e4. E29: Nimzo-Indian: Sämisch: 5...0-0 6 e3 c5 7 Bd3 Nc6} (10... Re8 11. d5 e4 12. Bxe4 Nxe4 13. dxc6 Bf5 14. cxb7 Rb8 15. Re1 Qf6 16. h4 Rxb7 17. Bd2 Bg4 18. Reb1 Rbe7 19. Be1 Bxf3 20. gxf3 Qxf3 21. Qd1 Qh3 22. Ra2 Re6 23. h5 Ng5 24. f4 Nf3+ {0-1 (24) Abid,A (2149)-Sunilduth Lyna,N (2515) Noida 2016}) 11. Be2 (11. e4 $11) 11... e4 ({Better is} 11... Bg4 $15) 12. Ne1 $146 (12. Nd2 $11) (12. Nd2 Bf5 13. Re1 Rfe8 14. Nb3 b6 15. a4 a5 16. Bf1 Ng4 17. h3 Nh6 18. Qe2 {½-½ (53) Hund,I (1870)-Baumstark,G (2125) Biel 1981}) 12... Bf5 {Black is better.} 13. g3 Rac8 14. Rb1 b6 15. Ng2 Na5 16. Qa2 Bg4 17. Bxg4 Nxg4 18. Bd2 Qe6 (18... cxd4 19. cxd4 Nxc4 20. Rfc1 Nxd2 21. Qxd2 $17) 19. Rfc1 (19. Nf4 {might work better.} Qxc4 20. Qc2) 19... Qh6 (19... Nxc4 20. Nf4 Qh6 21. h3 Nxd2 22. Qxd2 $15) 20. h4 Qe6 (20... Qf6 21. Nf4 $17) 21. Nf4 Qxc4 22. Qxc4 Nxc4 23. Be1 f5 (23... Nxa3 24. Ra1 Nc4 25. Rxa7 $17) 24. Nd5 {intending Ne7+.} Kf7 (24... Nxa3 25. Ra1 Nc4 26. Ne7+ Kf7 27. Nxc8 Rxc8 28. Rxa7+ Kf6 29. Rca1 $16) 25. Nf4 Nf6 (25... Nxa3 26. Ra1 Nc4 27. Rxa7+ Kg8 28. Rca1 $15) 26. Kf1 Rc7 (26... Nxa3 27. Ra1 Nc4 28. Rxa7+ Kg8 29. Rca1 $17) 27. Ke2 Nxa3 28. Ra1 Nc4 29. Ra4 cxd4 30. cxd4 Rfc8 31. Ra6 g6 32. Rca1 Ra8 33. Bb4 h6 34. Nh3 (34. d5 $142) 34... Nd5 $19 35. Be1 Ke6 36. Nf4+ Nxf4+ 37. gxf4 Kd5 38. Rc1 Rac8 39. Rca1 $2 (39. Rc2) 39... Nb2 40. Bd2 Rc2 41. Rxa7 Nc4 42. Rd1 Rg8 (42... Nxd2 43. Rxd2 R8c7 44. Ra6 $17) 43. Rh7 g5 (43... Ra8 $142 44. Rf7 Raa2) 44. hxg5 hxg5 ({Not} 44... Rxd2+ 45. Rxd2 Nxd2 46. Kxd2 hxg5 47. fxg5 $15) 45. Rh5 (45. fxg5 $142 Rxg5 46. Rf7) 45... Ra8 ({Weaker is} 45... Nxd2 46. Rxd2 Rxd2+ 47. Kxd2 $17) 46. fxg5 Raa2 {[%cal Rc4d2]} ({Inferior is} 46... Nxd2 47. Rxd2 Rxd2+ 48. Kxd2 $11) 47. g6 Nxd2 {Black mates.} 48. Rg1 Nc4+ 49. Kf1 {[#]} Nxe3+ $1 0-1

[Event "FRA-ch Youth 2017"]
[Site "Belfort"]
[Date "2017.04.16"]
[Round "1"]
[White "Adak, Alexis"]
[Black "Mohammad, Fahim"]
[Result "1-0"]
[WhiteElo "1742"]
[BlackElo "2281"]
[Annotator "TA"]
[PlyCount "85"]
[EventDate "2017.??.??"]
[EventCountry "FRA"]
[SourceTitle "playchess.com"]
[Source "ChessBase"]
[SourceQuality "1"]

{[%evp 13,85,-12,10,-27,-12,-35,0,0,0,0,0,0,0,2,-9,-25,-22,-58,-58,-89,-96,-96,-26,-43,291,293,401,143,196,194,195,81,137,143,129,122,510,489,483,483,463,405,649,631,700,685,707,679,692,592,763,761,717,485,427,458,298,455,484,465,634,632,711,672,698,631,29982,2435,2924,2844,29990,29991,29991,29992]} 1. d4 Nf6 2. Nf3 g6 3. Bf4 Bg7 4. Nc3 d5 5. e3 O-O 6. Be2 c5 7. Ne5 Nc6 8. h4 {D00: 1 d4 d5: Unusual lines} (8. O-O cxd4 9. exd4 Qb6 10. Nxc6 Qxc6 11. Be5 Bf5 12. Bd3 Bxd3 13. Qxd3 Rac8 14. a4 Ne4 15. Bxg7 Kxg7 16. Ra3 Nxc3 17. bxc3 b6 {0-1 (43) Bareev,E (2634)-Polgar,J (2680) Moscow 2009}) 8... cxd4 9. exd4 Qb6 10. Nxc6 {The position is equal.} bxc6 11. Na4 Qa5+ 12. c3 Nd7 13. b4 $36 {[%mdl 2048] Black is under pressure.} Qd8 14. Qd2 e5 15. dxe5 $146 (15. Bg5 f6 16. Be3 a5 17. b5 cxb5 18. Bxb5 Rb8 19. Be2 {½-½ (19) Stolba,M (2106)-Karlik,V (2288) Tabor 2005}) 15... Nxe5 16. Bh6 Bxh6 17. Qxh6 Bf5 ({Black should try} 17... a5 $17 {Strongly threatening ...axb4.} 18. Nc5 axb4 19. cxb4 Re8) 18. h5 $11 Nd3+ $2 {[%mdl 8192]} (18... Qe7 $15 {keeps the upper hand.} 19. O-O Nd7) 19. Bxd3 $1 $18 Bxd3 20. Kd2 $2 (20. O-O-O $1 $18 {is the precise move to win.}) 20... Bf5 {[#]} (20... Be4 $16) 21. g4 $1 {[%cal Rg4f5][%mdl 512]} ({Not} 21. hxg6 Bxg6 22. Qh4 Qc8 $15) 21... Be4 {[#]} (21... Bxg4 22. hxg6) 22. f3 $1 {[%mdl 512]} (22. hxg6 $1 $18 {[%mdl 512] and White stays clearly on top.} Bxg6 23. f4) 22... g5 (22... a5 $142) (22... Bxf3 23. hxg6) 23. fxe4 $16 dxe4+ {[#]} 24. Kc2 $1 {Nc5 is the strong threat.} Qd3+ $2 {[%mdl 8192]} (24... f6 $16 {is more resistant.} 25. Nc5 Qe7) 25. Kb3 $18 Qd5+ 26. c4 Qe5 27. Rad1 Rad8 (27... a5 $142 28. Qd6 (28. Qxc6 Qg3+ 29. Kc2 axb4 $18) 28... Qf4 29. Qxf4 gxf4) 28. Qxc6 a5 29. Qc5 Qg3+ 30. Nc3 {Intending Rxd8 and mate.} a4+ 31. Kb2 (31. Kxa4 Ra8+ 32. Kb3 Ra3+ 33. Kxa3 Qxc3+ 34. Ka4 Ra8+ 35. Kb5 Rb8+ 36. Kc6 Rc8+ 37. Kb6 Rxc5 38. Kxc5 Qe5+ 39. Kc6 Qe6+ 40. Kc5 Qe7+ 41. Kb5 e3 $11) 31... h6 32. Nd5 a3+ 33. Kc2 Qg2+ 34. Kb3 {[%cal Bc2b3,Bb3a4,Ba4b5][%mdl 32]} Qb2+ 35. Ka4 Ra8+ 36. Kb5 Rfb8+ 37. Nb6 Qc2 {[%csl Ga8][%cal Rc2a4]} 38. Qc6 ({Don't consider} 38. Kc6 $2 Ra6 39. Rc1 Qb2 $19) 38... Ra7 39. Rd7 Ra4 40. Qxh6 (40. Rxf7 $142 e3 41. Rg7+ Kxg7 42. Qc7+ Kh8 43. Qxb8+ Kh7 44. Qc7+ Kh8 45. Qe5+ Kh7 46. Nxa4) 40... Qf2 41. Qxg5+ Kh8 42. Qe5+ Kh7 43. Qxb8 1-0

[Event "FRA-ch Youth 2017"]
[Site "Belfort"]
[Date "2017.04.16"]
[Round "1"]
[White "Denninger, Gael"]
[Black "Zachary, Matheo"]
[Result "0-1"]
[WhiteElo "1740"]
[BlackElo "2267"]
[Annotator "TA"]
[PlyCount "46"]
[EventDate "2017.??.??"]
[EventCountry "FRA"]
[SourceTitle "playchess.com"]
[Source "ChessBase"]
[SourceQuality "1"]

{[%evp 17,46,-9,25,-40,-2,-13,-5,-11,-5,-5,0,-210,-171,-159,-165,-208,-197,-220,-204,-725,-718,-666,-499,-495,-516,-477,-487,-470,-499,-732,-719]} 1. c4 Nf6 2. Nc3 e5 3. Nf3 Nc6 4. e4 Bc5 5. Nxe5 Nxe5 6. d4 Bb4 7. dxe5 Nxe4 8. Qd4 Nxc3 9. bxc3 Be7 {LiveBook: 50 Games} 10. g3 $146 {A28: English Opening: Four Knights Variation} ({White should play} 10. Bd3 $11) (10. Qg4 g6 11. Bh6 d6 12. Qg3 Bf8 13. Bg5 Be7 14. Bh6 Bf8 15. Bf4 dxe5 16. Bxe5 Bd6 17. Bxd6 Qxd6 18. Qxd6 cxd6 {0-1 (61) Andreikin,D (2683)-Caruana,F (2709) Moscow 2010}) 10... O-O 11. Bg2 d6 12. exd6 {The position is equal.} Bf6 13. Qd3 $1 ({But not} 13. Qe3 $2 Re8 14. Be4 {[#]} Bf5 $1 $19 {[%mdl 512]}) 13... Bf5 14. Qd2 $2 (14. Qxf5 $11 Bxc3+ 15. Ke2 Bxa1 16. Be3) 14... Re8+ ({Don't do} 14... cxd6 15. O-O $17) 15. Kf1 cxd6 16. Ba3 Qa5 17. Bb4 Qa4 {[#] Strongly threatening ...a5.} 18. Bxd6 $2 (18. Kg1) 18... Qxc4+ $19 {Black is clearly winning.} 19. Kg1 Rad8 (19... Qxc3 $2 20. Qxc3 Bxc3 21. Rc1 $19) 20. Qf4 Qxc3 21. Rf1 Bd3 22. Bb4 Qb2 23. Rd1 (23. Bc5 $142) 23... Rd4 0-1

[Event "FRA-ch Youth 2017"]
[Site "Belfort"]
[Date "2017.04.16"]
[Round "1"]
[White "Lataste, Yann"]
[Black "Harutyunyan, Ruben"]
[Result "1-0"]
[WhiteElo "1737"]
[BlackElo "2218"]
[Annotator "TA"]
[PlyCount "53"]
[EventDate "2017.??.??"]
[EventCountry "FRA"]
[SourceTitle "playchess.com"]
[Source "ChessBase"]
[SourceQuality "1"]

{[%evp 15,53,32,48,6,54,-35,-22,-47,52,41,35,13,31,25,38,28,37,21,211,215,217,221,228,210,269,259,262,241,253,240,268,214,239,231,328,338,342,310,1900,1870]} 1. d4 d5 2. Nf3 Nf6 3. c4 e6 4. Nc3 Be7 5. Bf4 O-O 6. e3 Nbd7 7. Bd3 b6 8. O-O Bb7 9. a3 {D02: 1 d4 d5 2 Nf3 sidelines, including 2...Nf6 3 g3 and 2...Nf6 3 Bf4} (9. Qe2 c5 10. cxd5 Nxd5 11. Nxd5 exd5 12. dxc5 Nxc5 13. Rfd1 Bf6 14. Be5 Bxe5 15. Nxe5 Qf6 16. f4 Rfd8 {0-1 (56) Zhai,M (2371)-Zhang,X (2374) China 2016}) 9... Rc8 $146 (9... dxc4 10. Bxc4 Nh5 11. Re1 Nxf4 12. exf4 Nf6 13. Ne5 Nd5 14. Qg4 Nxc3 15. bxc3 {0-1 (29) Malec,J (2042)-De Vries,P Znojmo 2005}) 10. b4 ({White should play} 10. cxd5 $14 Nxd5 11. Nxd5 Bxd5 12. Ba6) 10... c5 (10... dxc4 $5 {looks sharper.} 11. Bxc4 c5 12. dxc5 bxc5 13. b5 Nb6) 11. cxd5 {The position is equal.} exd5 ({Reject} 11... cxb4 12. axb4 Rxc3 13. d6 $11) (11... cxd4 $15 12. Nb5 Nxd5 13. Nxa7 Ra8) 12. bxc5 $14 bxc5 13. dxc5 Nxc5 14. Bf5 $36 {[%mdl 2048] White has the initiative.} Rc6 15. Nd4 Rb6 16. Ndb5 a6 $2 (16... Ne6 $11) 17. Bc7 $18 Qe8 {[#] White must now prevent ...Rc6.} 18. Bxb6 axb5 19. Ne2 Qc6 20. Bxc5 $1 Bxc5 21. Nd4 Qb6 22. Rb1 Ba6 23. Nc2 Qa5 24. Qc1 Rb8 (24... Be7 $142 25. Nb4 Qb6) 25. Nb4 Bxb4 26. axb4 {[%cal Ba3b4,Bb4a5][%mdl 32]} g6 $2 {[#]} (26... Qd8 27. Ra1 Bc8) 27. bxa5 1-0

[Event "FRA-ch Youth 2017"]
[Site "Belfort"]
[Date "2017.04.16"]
[Round "1"]
[White "Saliou, Sarah"]
[Black "Haussernot, Cecile"]
[Result "1-0"]
[WhiteElo "1684"]
[BlackElo "2107"]
[Annotator "TA"]
[PlyCount "31"]
[EventDate "2017.??.??"]
[EventCountry "FRA"]
[SourceTitle "playchess.com"]
[Source "ChessBase"]
[SourceQuality "1"]

{[%evp 5,31,4,7,5,2,12,33,27,33,37,50,52,141,60,110,141,404,417,407,408,412,413,1131,1120,29997,29998,29998,29999]} 1. c4 c5 2. Nf3 Nc6 3. Nc3 e6 4. e3 {A35: Symmetrical English: 2 Nc3 Nc6 3 Nf3} (4. g3 Nd4 5. Bg2 Be7 6. O-O Nf6 7. b3 d5 8. e3 Nxf3+ 9. Qxf3 dxc4 10. bxc4 O-O 11. Rb1 Qd3 {1-0 (42) Vachier Lagrave,M (2745)-Rapport,R (2691) Caleta 2014}) 4... d5 5. d4 cxd4 6. exd4 {White is slightly better.} dxc4 7. Bxc4 a6 8. O-O {Threatens to win with d5.} Bd6 $146 (8... Na5 $14) (8... Be7 9. d5 Na5 10. Be2 {1-0 (34) Arnetta,M (2027)-Kalerwa,E (1840) London 2014}) 9. Re1 ({White should try} 9. d5 $16 exd5 10. Qxd5) 9... b5 10. Bb3 $36 {[%mdl 2048] [#] And now d5 would win. White is in control.} b4 $2 {[%mdl 8192]} (10... Na5 $16) 11. Ne4 $18 Nge7 12. d5 ({Not} 12. Nxd6+ Qxd6 13. d5 exd5 $16) 12... exd5 13. Bxd5 ({Less strong is} 13. Nxd6+ Qxd6 14. Qxd5 Qxd5 15. Bxd5 Be6 $16) 13... Bc7 (13... Bxh2+ $142 14. Nxh2 O-O) 14. Bxc6+ Nxc6 15. Nf6+ Kf8 16. Qxd8+ 1-0

[Event "FRA-ch Youth 2017"]
[Site "Belfort"]
[Date "2017.04.16"]
[Round "1"]
[White "Berriat, Diane"]
[Black "Afraoui, Anaelle"]
[Result "1-0"]
[WhiteElo "1611"]
[BlackElo "1977"]
[Annotator "NA RC"]
[PlyCount "37"]
[EventDate "2017.??.??"]
[EventCountry "FRA"]
[SourceTitle "playchess.com"]
[Source "ChessBase"]
[SourceQuality "1"]
[TimeControl "5400+30"]

1. d4 {[%emt 0:00:00]} Nf6 {[%emt 0:00:20]} 2. c4 {[%emt 0:00:00]} g6 {[%emt 0:00:35]} 3. Nc3 {[%emt 0:00:00]} Bg7 {[%emt 0:00:33]} 4. e4 {[%emt 0:00:00]} d6 {[%emt 0:00:16]} 5. f4 {[%emt 0:00:00]} O-O {[%emt 0:02:13]} 6. Nf3 {[%emt 0:02:46]} Nbd7 {[%emt 0:03:35]} 7. Bd3 {[%emt 0:11:47]} c5 {[%emt 0:02:42]} 8. d5 {[%emt 0:00:20]} e6 {[%emt 0:04:19]} 9. dxe6 {[%emt 0:06:34]} fxe6 {[%emt 0:00:09]} 10. O-O {[%emt 0:00:39]} Nb6 {[%emt 0:04:37]} 11. Qe2 {[%emt 0:10:18]} Kh8 $18 {[%emt 0:05:34]} (11... e5 $16) 12. e5 {[%emt 0:06:21]} dxe5 {[%emt 0:03:04]} 13. fxe5 {[%emt 0:00:16]} Ng4 {[%emt 0:12:54]} 14. Bg5 {[%emt 0:00:41]} Qd7 {[%emt 0:06:08]} 15. Rad1 {[%emt 0:02:10]} Nxe5 {[%emt 0:02:42]} 16. Nxe5 {[%emt 0:01:36]} Qd4+ {[%emt 0:00:43]} 17. Kh1 {[%emt 0:00:15]} Rxf1+ {[%emt 0:00:16]} 18. Rxf1 {[%emt 0:00:04]} Qxe5 {[%emt 0:01:45]} 19. Rf8+ {[%emt 0:00:12]} 1-0

[Event "FRA-ch Youth 2017"]
[Site "Belfort"]
[Date "2017.04.16"]
[Round "1"]
[White "Parlas, Helin"]
[Black "Vernet, Solene"]
[Result "*"]
[WhiteElo "1606"]
[BlackElo "1863"]
[Annotator "NA RC"]
[PlyCount "67"]
[EventDate "2017.??.??"]
[EventCountry "FRA"]
[SourceTitle "playchess.com"]
[Source "ChessBase"]
[SourceQuality "1"]
[TimeControl "5400+30"]

1. c4 {[%emt 0:00:00]} c5 {[%emt 0:00:05]} 2. g3 {[%emt 0:00:00]} g6 {[%emt 0:00:14]} 3. Bg2 {[%emt 0:00:00]} Bg7 {[%emt 0:00:07]} 4. Nf3 {[%emt 0:00:04]} Nc6 {[%emt 0:00:06]} 5. Nc3 {[%emt 0:00:04]} e5 {[%emt 0:00:36]} 6. e4 {[%emt 0:00:34]} d6 {[%emt 0:00:13]} 7. a3 {[%emt 0:02:00]} Be6 {[%emt 0:02:11]} 8. Nd5 {[%emt 0:12:16]} Nge7 {[%emt 0:01:03]} 9. O-O {[%emt 0:06:28]} O-O {[%emt 0:07:02]} 10. Rb1 {[%emt 0:03:39]} Rb8 {[%emt 0:01:24]} 11. Ng5 {[%emt 0:14:53]} Bd7 {[%emt 0:26:44]} 12. f4 {[%emt 0:03:01]} exf4 {[%emt 0:01:52]} 13. gxf4 {[%emt 0:00:18]} Nxd5 {[%emt 0:02:24]} 14. cxd5 {[%emt 0:00:19]} Nd4 {[%emt 0:00:24]} 15. b4 {[%emt 0:08:39]} cxb4 {[%emt 0:04:59]} 16. Rxb4 {[%emt 0:00:50]} a5 {[%emt 0:00:21]} 17. Rb1 {[%emt 0:00:43]} b5 {[%emt 0:00:33]} 18. Nf3 {[%emt 0:02:07]} Qb6 {[%emt 0:01:21]} 19. Kh1 {[%emt 0:00:31]} b4 {[%emt 0:02:15]} 20. axb4 {[%emt 0:01:01]} axb4 {[%emt 0:00:46]} 21. Nxd4 {[%emt 0:02:13]} Bxd4 {[%emt 0:04:03]} 22. Bb2 {[%emt 0:00:08]} Bb5 {[%emt 0:00:51]} 23. Rf3 {[%emt 0:01:10]} Bxb2 {[%emt 0:02:16]} 24. Rxb2 {[%emt 0:02:13]} Qd4 {[%emt 0:00:07]} 25. Qb3 {[%emt 0:08:22]} Qxe4 {[%emt 0:02:19]} 26. d3 {[%emt 0:00:25]} Qe1+ {[%emt 0:01:06]} 27. Rf1 {[%emt 0:01:09]} Qe7 {[%emt 0:08:06]} 28. Rbf2 {[%emt 0:03:47]} Bd7 {[%emt 0:01:00]} 29. d4 {[%emt 0:05:09]} Bf5 {[%emt 0:02:15]} 30. Rc1 {[%emt 0:01:45]} Rfc8 {[%emt 0:03:07]} 31. Rc6 {[%emt 0:03:42]} Bd7 {[%emt 0:01:04]} 32. Rxc8+ {[%emt 0:00:57]} Bxc8 {[%emt 0:00:04]} 33. h3 {[%emt 0:04:15]} Bf5 {[%emt 0:00:11]} 34. Qc4 {[%emt 0:01:19]} *